| 000 | 01563nam a2200337 i 4500 | ||
|---|---|---|---|
| 003 | EG-GICUC | ||
| 005 | 20260228135232.0 | ||
| 008 | 260210s1966 ua |||fr|||| 00| 0 ara d | ||
| 040 |
_a EG-GICUC _bara _c EG-GICUC _d EG-GICUC _erda |
||
| 041 | 0 | _aAra | |
| 082 | 0 | 4 |
_221 _a343.31 _bس ع . م |
| 092 | 0 | 4 | _221 |
| 099 | _aLaw1 10 343.31 س ع . م 1966 | ||
| 100 | 0 |
_aسعيد محمود السيد _eمعد. |
|
| 245 | 1 | 2 |
_aالموسوعة الجنائية : _bالقوانين • المراسيم • القرارات الوزارية طبقا لأحدث التعديلات معلقا عليها بأحكام القضاء. _nالمجلد الأول / _cإعداد القاضى سعيد محمود السيد، وكيل النائب العام فتحى السيد لاشين. |
| 250 | _aالطبعة الأولى | ||
| 264 | 3 |
_aالقاهرة : _bدار الجيل للطباعة، _c1966. |
|
| 300 |
_a652 ؛صفحة _c24 سم. _bإيضاحيات، صور، مثيليات ؛ |
||
| 336 |
_2rda content _atext |
||
| 337 |
_2rda media _aComputer |
||
| 338 |
_2rda carrier _aOnline Resource |
||
| 504 | _a. 240-220 ببليوجرافيا: صفحات. | ||
| 546 | _aالنص باللغة العربية | ||
| 650 | 1 |
_aالقواعد العامة فى الإجراءات الجنائية _2qrmak |
|
| 650 | 1 |
_aالقانون الجنائى _2qrmak |
|
| 651 | 1 | _2qrmak | |
| 700 | 0 |
_aفتحى السيد لاشين _eمؤلف مشارك. |
|
| 856 | 4 | 0 | _uhttps://fll.law.cu.edu.eg/fulltext/bks/B10-08842.pdf |
| 905 | _a54 | ||
| 942 |
_2ddc _cBK _e21 _n0 |
||
| 999 |
_c62519 _d62519 |
||